000 00453nam a2200169Ia 4500
003 GCL
008 140319s9999 xx 000 0 ara d
040 _aGCL /
_cGCL
082 0 4 _aط
_b813.02
_bا ر
100 1 _aاحمد مصطفى احمد
245 1 0 _aالريشة الزرقاء /
_cاحمد مصطفى احمد
300 _a26 ص
490 _a100 قصة
_v0
650 0 4 _aالاطفال
650 0 4 _aقصص الاطفال
942 _2ddc
_cBK
999 _c44952
_d44952